Регионална библиотека "Любен Каравелов" - Русе

Уроци от глутницата (Запис номер 194682)

MARC детайли
000 -Лидер
Контролно поле с фиксирана дължина 01953nam a2200421 c 4500
003 - Код на организацията, давaща контролен номер
Контролно поле BLK
005 - Дата и час на последна редакция
Контролно поле 20220401115338.0
008 - Елементи от данни с фиксирана дължина
fixed length control field 180411b bul|||||r ||||||| ||bul||
010 ## - Наследен системен номер
LC control number KNG00203914000
020 ## - Международен стандартен номер на книга ISBN
Международен стандартен номер на книга ISBN 978-954-27-1779-9
040 ## - Източник на каталожния запис
Идентификатор на билиотеката - собственик на записа BLK
041 ## - Код за език
Код за езика на текст/звукозапис или на отделно заглавие Български
Код за езика КДБФ Български
072 #7 - Код за тематичната категория
Код организация bullib
Код за тематична категория Н83
Текст Чужда художествена литература Н
080 ## - УДК
Текстов определител УДК Американска литература (на САЩ)
УДК код - определител по УДК 821.111(73)
УДК определител -32
УДК - код + определител 821.111(73)-32
080 ## - УДК
Текстов определител УДК Биопсихология. Поведение на растенията и животните. Сравнителна психология. Вж и 591.18
УДК код - определител по УДК 159.929
УДК определител :636.7(0:82-32)
УДК - код + определител 159.929:636.7(0:82-32)
080 ## - УДК
Текстов определител УДК Кучета
УДК код - определител по УДК 636.7
УДК определител (0:82-32)
УДК - код + определител 636.7(0:82-32)
100 1# - Редна дума - Автор
Автор Милан, Сизър
Авторска отговорност първи автор
R(LIN) 337004
139 ## - Редно поле
Редна дума Милан, Сизър и др.
Авторски знак Мил - М 55
245 10 - Сведения за заглавието
Заглавие Уроци от глутницата
Подзаглавни данни Истории от кучетата, които промениха живота ми
Редно поле (дума) Сизър Милан; съавт. Мелиса Джо Пелтие.
257 ## - Страна на издаване
Страна на създаване/издаване Съединени американски щати
260 ## - Област на издателските данни
Име на издателя, разпространителя и проч. Егмонт България
Година на издаване 2014
300 ## - Физическа характеристика
Страници 232 с.
Размери/Мащаб 21 см
380 ## - Жанр
Жанр Худож. лит.
500 ## - Общи забележки
Забележка Ориг. загл. Cesar Millan's Lessons from the Pack. - За авторите. - 2 500 тир. - Библиогр. с. 227.
650 #4 - Допълнително описание по предмет – тема
Основно описание – тема или топоним Кучета - поведение
9 (RLIN) 346743
650 #4 - Допълнително описание по предмет – тема
Основно описание – тема или топоним Зоопсихология
9 (RLIN) 156120
653 ## - Ключова дума – ненормативна
Ключова дума кучета
653 ## - Ключова дума – ненормативна
Ключова дума зоопсихология
653 ## - Ключова дума – ненормативна
Ключова дума поведенческа психология
653 ## - Ключова дума – ненормативна
Ключова дума разкази
659 ## - Тематичен бюлетин
Тематичен бюлетин Н
700 1# - Други автори (авторска отговорност)
Лично име Пелтие, Мелиса Джо
Автороска отговорност (Описва отношението между автора и произведението) съавт.
9 (RLIN) 346742
852 ## - Местоположение
Форматна сигнатура Цб 284859
856 4# - Електронен адрес и достъп
Електронен формат pdf - файл
856 4# - Електронен адрес и достъп
Електронен формат pdf - файл
999 ## - СИСТЕМНИ КОНТРОЛНИ НОМЕРА
Koha biblionumber 194682
Koha biblioitemnumber 194682
942 ## - АРТИКУЛИ
Вид на библиотечния материал Книги
Скрит в OPAC Не
Koha issues (borrowed), all copies 2
Периодичен библиозапис Да
944 ## - СЪЗДАВАНЕ И РЕДАКЦИЯ на ЗАПИСА
Създаване/Редакция Създаване
Дата на регистрацията/редакция 27.03.2017
Статус, дата на статуса ф /
Служител, извършил регистрацията/редакцията Виолета_Тройчева
944 ## - СЪЗДАВАНЕ И РЕДАКЦИЯ на ЗАПИСА
Създаване/Редакция Редакция
Дата на регистрацията/редакция 29.03.2017
Статус, дата на статуса ф /
Служител, извършил регистрацията/редакцията Людмила_Стоянова
999 ## - СИСТЕМНИ КОНТРОЛНИ НОМЕРА
Koha biblioitemnumber 194682
999 ## - СИСТЕМНИ КОНТРОЛНИ НОМЕРА
Koha biblioitemnumber 194682
Наличности
Код за отписване Код за изгубен артикул Източник на класификационната схема Код за повреда Коз за рестрикции Код за отдаване Артикулен № Име на библиотеката - собственик Име на библиотеката, в която се намира в момента Статус (Текущо местоположение) Дата на вписване в системата Местоположение - отдел Цена в лева Инвентарен номер Систематично азбучна сигнатура Баркод Номер на екземпляра Цена в евро Служебна бележка Служебен тип на артикула
  Не е изгубен Universal Decimal Classification Не е повреден без рестрикции заемане за дома 340363 Регионална библиотека "Любен Каравелов" Русе Регионална библиотека "Любен Каравелов" Русе Заемна - подръчен фонд 2017-03-27 Заемна - подръчен фонд 10.07 120000809438 П 820(73)-32/М 55 120000809438 1 5.15 Дост: Pk Вид: Ф N: 809 Дата: 24.03.2017 Книги
  Не е изгубен Universal Decimal Classification Не е повреден без рестрикции заемане за дома 880322 Регионална библиотека "Любен Каравелов" Русе Регионална библиотека "Любен Каравелов" Русе Заемна - подръчен фонд 2022-04-05 Заемна - подръчен фонд 12.90   821-32/М 55 С 120000870426   6.60   Книги
Vip Innovations Ltd, Rousse, Bulgaria 2025